| 000 | 01233nas a2200409 4500 | ||
|---|---|---|---|
| 001 | BR0706747 | ||
| 003 | BR-BrBNA | ||
| 005 | 20231205111040.0 | ||
| 007 | ta | ||
| 008 | 230509b bl.|||p| |||| 00| 00por d | ||
| 040 |
_aBR-BrBNA _bpor _cBiblioteca Nacional de Agricultura |
||
| 041 | _a(Pt) | ||
| 072 | _aL02; L51 | ||
| 100 | 1 | _aVéras, R.M.L. | |
| 100 | 1 | _aValadares Filho, S. de C. | |
| 100 | 1 | _aAzevêdo, J.A.G. | |
| 100 | 1 | _aDetmann, E. | |
| 100 | 1 | _aPaulino, M.F. | |
| 100 | 1 | _aFonseca, M.A. | |
| 100 | 1 | _aSampaio, C.B. | |
| 245 | 1 | _aNíveis de proteína na dieta de bovinos Nelore de três condições sexuais: consumo, digestibilidade total e parcial, produção microbiana e parâmetros ruminais | |
| 650 | _aGADO NELORE | ||
| 650 | _aDIETA | ||
| 650 | _aPROTEÍNA BRUTA | ||
| 650 | _aSILAGEM | ||
| 650 | _aMILHO | ||
| 650 | _aFUBÁ | ||
| 650 | _aSOJA | ||
| 650 | _aFARELO | ||
| 650 | _aCONSUMO | ||
| 650 | _aDIGESTIBILIDADE | ||
| 650 | _aESTIMATIVA | ||
| 650 | _aREGRESSÃO LINEAR | ||
| 773 | 0 |
_tRevista Brasileira de Zootecnia (Brazil) _xISSN 1516-3598 _g(Jul-Aug 2007), v. 36(4)(suplemento) p. 1199-1211 _wBR0706747 |
|
| 909 |
_a202311 _bLúcia _c55 _dLúcia Elande |
||
| 942 |
_2AGRIS _n0 _cANA |
||
| 999 |
_c190330 _d190330 |
||